Alle Figuren aus der Serie "King of Queens" - Statistiken

Allgemein
  • Dieses Quiz wurde 27 mal gespielt
  • Das Durchschnittsergebnis liegt bei 11 aus 31
Antwortstatistiken
Beschreibung Antwort % Korrekt
Hauptfigur, IPS-Fahrer Douglas Heffernan
100%
Großvater der Ehefrau der Hauptfigur, lebt im Keller, weil er sein Haus abgebrannt hat Arthur Spooner
95%
Chef der Ehefrau der Hauptfigur, hat den gleichen Vornamen, wie die Hauptfigur Douglas Pruzan
95%
Freund der Hauptfigur, lebt noch bei seiner Mutter, arbeitet bei der U-Bahn Spence Olchin
86%
Ehefrau der Hauptfigur, arbeitet in einer Anwaltskanzlei Carrie Heffernan
82%
bester Freund der Hauptfigur, auch IPS-Fahrer Deacon Palmer
73%
Nachbar der Hauptfigur, Hulk-Darsteller Lou Ferrigno
64%
nerviger Cousin der Hauptfigur, Pizzabäcker Danny Heffernan
59%
Ehefrau des besten Freundes der Hauptfigur Kelly Palmer
59%
Freund der Hauptfigur, Feuerwehrmann, Frauenheld Richie Iannucci
55%
Hundehüterin, führt den Großvater der Ehefrau der Hauptfigur Gassi Holly Humpert
50%
Vorgesetzter der Hauptfigur Supervisor O´Boyle
50%
jüngerer Sohn des besten Freundes der Hauptfigur Major Palmer
36%
älterer Sohn des besten Freundes der Hauptfigur Kirby Palmer
32%
Vater der Hauptfigur Joe Heffernan
27%
Freund der Hauptfigur, Sportreporter, spielt gerne Golf Raymond Barone
27%
Mutter des Freundes der Hauptfigur, der bei der U-Bahn arbeitet Veronica Olchin
23%
Vorgesetzter der Ehefrau der Hauptfigur Mr. Kaplan /Mr. Kaufman
18%
Mutter der Hauptfigur Janet Heffernan
14%
jüngere Schwester der Ehefrau der Hauptfigur Sara Spooner
14%
Tante der Hauptfigur, hat eine Affäre mit der Person, die im Keller wohnt Sheila Rednester
14%
jüngere Schwester der Hauptfigur Stephanie Heffernan
14%
Vater des Cousins der Hauptfigur und Onkel der Hauptfigur Stu Heffernan
14%
Nachbar mit seltsamen Nachnamen Tim Sacksy
14%
Nachbarin mit seltsamen Nachnamen Dorothy Sacksy
9%
Freund der Person, die im Keller lebt, aus dem Seniorencenter Mickey
9%
Nagelpflegerin der Ehefrau der Hauptfigur Sue
5%
Ehefrau des Hulk-Darstellers Carla Ferrigno
0%
Ehefrau des Sportreporters Debra Barone
0%
Freundin des Freundes der Hauptfigur, der bei seiner Mutter lebt Denise Battaglia
0%
Halbbruder der Person, die im Keller wohnt Skitch Spooner
0%
Keine übereinstimmenden Quizze gefunden
Verteilung der Resultate
Anzahl Personen mit jedem Resultat
Perzentil nach korrekt beantworteten Fragen
Ihre Resultats-Entwicklung
Sie haben dieses Quiz noch nicht gespielt